MARC details
| 000 -CABECERA |
| campo de control de longitud fija |
00819nam a2200229 a 4500 |
| 005 - FECHA Y HORA DE LA ÚLTIMA TRANSACCIÓN |
| campo de control |
20231011094326.0 |
| 008 - ELEMENTOS DE LONGITUD FIJA--INFORMACIÓN GENERAL |
| campo de control de longitud fija |
050828s1985 mx r 000 0 spa d |
| 020 ## - NÚMERO INTERNACIONAL NORMALIZADO PARA LIBROS |
| Número Internacional Estándar del Libro |
8476340265 |
| 035 ## - NÚMERO DE CONTROL DEL SISTEMA |
| Número de control de sistema |
UPN01000139863 |
| 049 ## - COLECCIÓN |
| Colección |
CG |
| 050 #4 - SIGNATURA TOPOGRÁFICA DE LA BIBLIOTECA DEL CONGRESO |
| Número de clasificación |
D805 P7 |
| Número de documento/Ítem |
P6.3 |
| 100 1# - ASIENTO PRINCIPAL--NOMBRE PERSONAL |
| Nombre de persona |
Poliakov, Léon, |
| Fechas asociadas al nombre |
1910- |
| 245 10 - MENCIÓN DE TÍTULO |
| Título |
Auschwitz : |
| Resto del título |
documentos y testimonios del genocidio nazi / |
| Mención de responsabilidad, etc. |
Léon Poliakov ; tr. Alfredo Pastor Bodmer. |
| 260 ## - PUBLICACIÓN, DISTRIBUCIÓN, ETC. |
| Lugar de publicación, distribución, etc. |
Barcelona, Esp. : |
| Nombre del editor, distribuidor, etc. |
Orbis, |
| Fecha de publicación, distribución, etc. |
1985. |
| 300 ## - DESCRIPCIÓN FÍSICA |
| Extensión |
157 p. : |
| Otras características físicas |
il. |
| 440 #0 - MENCIÓN DE SERIE/ASIENTO SECUNDARIO--TÍTULO |
| Título |
Biblioteca de historia ; |
| Designación de volumen o secuencia |
17 |
| 534 ## - NOTA SOBRE LA VERSIÓN ORIGINAL |
| Frase introductoria |
Título original: |
| Mención de título del original |
Auschwitz |
| 610 24 - ASIENTO SECUNDARIO DE MATERIA - NOMBRE CORPORATIVO |
| Nombre de entidad corporativa o nombre de jurisdicción como elemento de entrada |
AUSCHWITZ (CAMPO DE CONCENTRACION) |
| 9 (RLIN) |
399 |
| 650 #7 - ASIENTO SECUNDARIO DE MATERIA - TERMINO TEMATICO |
| Término de materia o nombre geográfico como elemento de entrada |
Guerra Mundial II, 1939-1945 - |
| Subdivisión general |
Campos de concentración |
| Fuente del encabezamiento o término |
|
| 9 (RLIN) |
4133 |
| 650 #4 - ASIENTO SECUNDARIO DE MATERIA - TERMINO TEMATICO |
| Término de materia o nombre geográfico como elemento de entrada |
Guerra Mundial II, 1939-1945 |
| Subdivisión general |
Prisioneros y prisiones alemanes |
| 9 (RLIN) |
4198 |
| 905 ## - TIPO DE MATERIAL |
| Tipo de material |
Libro |